[Event "DEM U18w 2014"]
[Site "Magdeburg GER"]
[Date "2014.06.12"]
[Round "7"]
[White "Diederichs, Luise"]
[Black "Steimbach, Isabel"]
[Result "1/2-1/2"]
[Termination "normal"]
[Board "2"]
[WhiteElo "1970"]
[BlackElo "1775"]
[WhiteClock "00:51:36"]
[BlackClock "00:07:57"]
[PlyCount "97"]
[WhiteFideId "24661597"]
[BlackFideId "24692174"]
[EventCountry "GER"]
[EventRounds "9"]
[EventType "swiss"]
[EventDate "2014.06.07"]

1. d4 d5 2. c4 e6 3. Nf3 Be7 4. Nc3 Nf6 5. Bg5 O-O 6. cxd5 exd5 7. e3 c6 8. Bd3
Nbd7 9. Qc2 Re8 10. O-O Nf8 11. Ne5 Ng6 12. Nxg6 hxg6 13. Rae1 Ne4 14. Bxe7
Qxe7 15. f3 Nxc3 16. bxc3 Qg5 17. e4 Bd7 18. f4 Qh4 19. e5 f5 20. Qf2 Qxf2+ 21.
Rxf2 Be6 22. Rb1 Re7 23. g4 Kf7 24. gxf5 Bxf5 25. Bxf5 gxf5 26. Rg2 b6 27. Kf2
g6 28. Rbg1 Re6 29. Rg5 Rh8 30. Rh1 Rh3 31. Rg3 Rh4 32. Kf3 Re8 33. h3 Re6 34.
Rc1 Rh8 35. Rc2 Kg7 36. Kg2 Kf7 37. Rd3 Rd8 38. h4 Rh8 39. Kg3 Rd8 40. Rh2 Rh8
41. Kf2 Rh5 42. Rg3 Re8 43. Rg5 Reh8 44. Rxh5 Rxh5 45. Kg3 Ke6 46. Kf3 Kf7 47.
Ke3 Ke6 48. Kd3 Rh7 49. Rh3 1/2-1/2

[Event "DEM U18w 2014"]
[Site "Magdeburg GER"]
[Date "2014.06.12"]
[Round "7"]
[White "Siegl, Melina"]
[Black "Polert, Annika"]
[Result "1/2-1/2"]
[Termination "normal"]
[Board "3"]
[WhiteElo "1790"]
[BlackElo "1838"]
[WhiteClock "00:05:20"]
[BlackClock "00:06:44"]
[PlyCount "104"]
[WhiteFideId "1272126"]
[BlackFideId "24692328"]
[EventCountry "GER"]
[EventRounds "9"]
[EventType "swiss"]
[EventDate "2014.06.07"]

1. b3 e5 2. Bb2 d6 3. e3 Nf6 4. Be2 Nbd7 5. c4 c6 6. d4 Qc7 7. d5 cxd5 8. cxd5
Qa5+ 9. Nc3 Nb6 10. Bb5+ Bd7 11. Bxd7+ Nbxd7 12. a3 Be7 13. b4 Qd8 14. Nf3 O-O
15. O-O h6 16. Nd2 Nh7 17. Nc4 f5 18. Rc1 f4 19. exf4 Rxf4 20. Nb5 Ndf8 21. Na5
Qd7 22. Qd3 a6 23. Rc7 Qxb5 24. Qxb5 axb5 25. Rxe7 b6 26. Nb7 Ra7 27. Rc7 Nf6
28. Rd1 h5 29. g3 Rf5 30. Nxd6 Rxc7 31. Nxf5 N8d7 32. Ne3 Kf7 33. Kg2 g6 34. h3
Rc8 35. g4 hxg4 36. hxg4 Ke7 37. f3 Kd6 38. Kg3 Ne8 39. g5 Ng7 40. Kg4 Nh5 41.
Nf5+ gxf5+ 42. Kxh5 Rc2 43. Bc1 Ke7 44. Kg6 e4 45. Re1 Ne5+ 46. Kxf5 Nxf3 47.
Rxe4+ Kd6 48. Bf4+ Kxd5 49. Re8 Nd4+ 50. Kg6 Ne6 51. Be3 Rc3 52. Bxb6 Ke5
1/2-1/2

[Event "DEM U18w 2014"]
[Site "Magdeburg GER"]
[Date "2014.06.12"]
[Round "7"]
[White "Herbrig, Marie-Helen"]
[Black "Winterholler, Christina"]
[Result "0-1"]
[Termination "normal"]
[Board "4"]
[WhiteElo "1659"]
[BlackElo "1958"]
[WhiteClock "00:16:18"]
[BlackClock "00:01:37"]
[PlyCount "104"]
[WhiteFideId "12900427"]
[BlackFideId "24652105"]
[EventCountry "GER"]
[EventRounds "9"]
[EventType "swiss"]
[EventDate "2014.06.07"]

1. e4 e5 2. Nf3 Nc6 3. Bc4 Bc5 4. c3 Nf6 5. d3 a6 6. Bb3 Ba7 7. Nbd2 d6 8. Qe2
Ng4 9. O-O Qf6 10. h3 h5 11. Nc4 Bd7 12. Ng5 Nd8 13. Qf3 Qg6 14. Qd1 b5 15. Na3
f6 16. Nf3 Ne6 17. d4 Nf4 18. Bxf4 exf4 19. Nc2 O-O-O 20. Nb4 a5 21. Nd5 Rde8
22. Nxf4 Qxe4 23. Nxh5 Rxh5 24. Bf7 Reh8 25. Bxh5 Rxh5 26. hxg4 Bxg4 27. Re1
Qh7 28. Kf1 Rh2 29. Qb1 Bf5 30. Qd1 Bd3+ 31. Re2 Rh1+ 32. Ng1 Qh2 33. Ke1 Rxg1+
34. Kd2 Rxd1+ 35. Rxd1 Bxe2 36. Kxe2 Qxg2 37. Rd2 c5 38. dxc5 Bxc5 39. Kd1 g5
40. Re2 Qf3 41. Kd2 Bxf2 42. a3 g4 43. b4 axb4 44. axb4 g3 45. Re8+ Kd7 46. Rh8
Qe3+ 47. Kc2 Be1 48. Rh7+ Ke6 49. Rg7 Bxc3 50. Kb3 Bd2+ 51. Ka2 Qf2 52. Kb3 g2
0-1

[Event "DEM U18w 2014"]
[Site "Magdeburg GER"]
[Date "2014.06.12"]
[Round "7"]
[White "Berger, Nadja"]
[Black "Kuckling, Hannah"]
[Result "0-1"]
[Termination "normal"]
[Board "5"]
[WhiteElo "1797"]
[BlackElo "1972"]
[WhiteClock "00:28:24"]
[BlackClock "00:38:25"]
[PlyCount "86"]
[WhiteFideId "24692212"]
[BlackFideId "24603660"]
[EventCountry "GER"]
[EventRounds "9"]
[EventType "swiss"]
[EventDate "2014.06.07"]

1. e4 c5 2. Nf3 e6 3. d4 cxd4 4. Nxd4 Nc6 5. Nc3 Qc7 6. g3 a6 7. Bg2 d6 8. O-O
Bd7 9. Be3 Be7 10. Qd2 Ne5 11. Rad1 Nc4 12. Qc1 Nxe3 13. Qxe3 h5 14. f4 h4 15.
f5 hxg3 16. Qxg3 Bf6 17. fxe6 fxe6 18. Qg6+ Kf8 19. Qg3 Nh6 20. Bh3 Ke7 21.
Rxf6 gxf6 22. Qg7+ Nf7 23. Nf5+ Kd8 24. Qxf6+ Kc8 25. Nxd6+ Kb8 26. Nxf7 Rxh3
27. Qd8+ Qxd8 28. Nxd8 Kc7 29. Nxb7 Rg8+ 30. Kh1 Bc6 31. Nc5 Kb6 32. Nd7+ Bxd7
33. Rxd7 Rf3 34. Rd1 Rf2 35. Na4+ Kb5 36. Nc3+ Kc6 37. Rc1 Rgg2 38. h4 Rxc2 39.
Rd1 Rh2+ 40. Kg1 Rcg2+ 41. Kf1 Rxb2 42. Kg1 Rbg2+ 43. Kf1 Rc2 0-1

[Event "DEM U18w 2014"]
[Site "Magdeburg GER"]
[Date "2014.06.12"]
[Round "7"]
[White "Spiegelberg, Silvia"]
[Black "Paliy, Margaryta"]
[Result "1-0"]
[Termination "normal"]
[Board "6"]
[WhiteElo "1925"]
[BlackElo "1620"]
[WhiteClock "00:53:54"]
[BlackClock "01:02:51"]
[PlyCount "39"]
[WhiteFideId "24654450"]
[BlackFideId "24692417"]
[EventCountry "GER"]
[EventRounds "9"]
[EventType "swiss"]
[EventDate "2014.06.07"]

1. e4 c6 2. c4 d5 3. exd5 cxd5 4. cxd5 Nf6 5. Nc3 Nxd5 6. d4 Nc6 7. Bb5 e6 8.
Nf3 a6 9. Bd3 Be7 10. O-O O-O 11. a3 Qd7 12. Re1 Rd8 13. Ne4 Nf6 14. Be3 Nxe4
15. Bxe4 Bf6 16. Ne5 Nxe5 17. dxe5 Qxd1 18. Raxd1 Rxd1 19. Rxd1 Bxe5 20. Rd8#
1-0

[Event "DEM U18w 2014"]
[Site "Magdeburg GER"]
[Date "2014.06.12"]
[Round "7"]
[White "Triantafillidis, Zoe"]
[Black "Lagunow, Elina"]
[Result "1/2-1/2"]
[Termination "normal"]
[Board "7"]
[WhiteElo "1721"]
[BlackElo "1795"]
[WhiteClock "00:20:57"]
[BlackClock "00:03:30"]
[PlyCount "47"]
[WhiteFideId "12900150"]
[BlackFideId "4673387"]
[EventCountry "GER"]
[EventRounds "9"]
[EventType "swiss"]
[EventDate "2014.06.07"]

1. e4 c5 2. Nf3 Nc6 3. d4 cxd4 4. Nxd4 g6 5. c4 Bg7 6. Be3 Nf6 7. Nc3 O-O 8.
Be2 b6 9. f4 Nxd4 10. Bxd4 Bb7 11. Qd3 d6 12. O-O e6 13. Rad1 Rc8 14. b3 Qe7
15. Bf3 Rfd8 16. Qe2 Ba6 17. Rfe1 Nd7 18. Bxg7 Kxg7 19. f5 Ne5 20. Qf2 Bb7 21.
Qd4 Qf6 22. Nb5 exf5 23. Nxd6 Rc6 24. Nxf5+ 1/2-1/2

[Event "DEM U18w 2014"]
[Site "Magdeburg GER"]
[Date "2014.06.12"]
[Round "7"]
[White "Wulf, Constanze"]
[Black "Tettmann, Ann-Kathrin"]
[Result "1/2-1/2"]
[Termination "normal"]
[Board "8"]
[WhiteElo "1623"]
[BlackElo "1802"]
[PlyCount "99"]
[WhiteFideId "24692379"]
[BlackFideId "12945676"]
[EventCountry "GER"]
[EventRounds "9"]
[EventType "swiss"]
[EventDate "2014.06.07"]

1. e3 Nf6 2. Nf3 b6 3. Be2 Bb7 4. O-O e6 5. b3 Be7 6. Bb2 O-O 7. d3 d6 8. Nbd2
Nbd7 9. c4 c5 10. Qc2 Qc7 11. a3 Rfd8 12. Rac1 Rac8 13. Rfd1 Nf8 14. Qb1 Ng6
15. Qa1 Qb8 16. Rc2 Ne8 17. Rb1 Bf6 18. Bxf6 Nxf6 19. b4 e5 20. e4 Nf4 21. Bf1
Ne6 22. Ra2 Nd4 23. b5 Nh5 24. a4 Rf8 25. Nxd4 cxd4 26. g3 Rc7 27. a5 f5 28.
axb6 axb6 29. Bg2 fxe4 30. Bxe4 Bxe4 31. Nxe4 Rd7 32. Ra6 Nf6 33. Nxf6+ gxf6
34. Rb2 d5 35. cxd5 Rxd5 36. Qa4 Rc5 37. Rc2 Rxc2 38. Qxc2 Qd6 39. Qc6 Qxc6 40.
bxc6 Rc8 41. Rxb6 Kf7 42. Kg2 Kg6 43. h4 Kf5 44. f3 Rc7 45. Kf2 Ke6 46. g4 Kd6
47. Kg3 Ke6 48. f4 Kd6 49. f5 h6 50. Kf3 1/2-1/2

[Event "DEM U18w 2014"]
[Site "Magdeburg GER"]
[Date "2014.06.12"]
[Round "7"]
[White "Krauße, Vanessa"]
[Black "Döpper, Anna Bérénice"]
[Result "0-1"]
[Termination "normal"]
[Board "9"]
[WhiteElo "1587"]
[BlackElo "1576"]
[PlyCount "78"]
[WhiteFideId "12937991"]
[BlackFideId "1271853"]
[EventCountry "GER"]
[EventRounds "9"]
[EventType "swiss"]
[EventDate "2014.06.07"]

1. e4 e6 2. d4 d5 3. Nc3 Nf6 4. Bg5 dxe4 5. Nxe4 Be7 6. Bxf6 gxf6 7. Qd2 f5 8.
Nc3 Bf6 9. Nf3 h5 10. O-O-O c6 11. g3 Nd7 12. Bg2 Nb6 13. Rhe1 Nd5 14. Nxd5
cxd5 15. Kb1 Bd7 16. Qf4 Bc6 17. Qxf5 Kf8 18. Qf4 Rc8 19. Ne5 Ba4 20. b3 Be8
21. c4 dxc4 22. Nxc4 Qe7 23. Bxb7 Rxc4 24. Ba6 Rc6 25. Bc4 Rb6 26. d5 e5 27.
Qd2 Qb4 28. Qd3 Bd7 29. d6 Kg7 30. Rf1 Bh3 31. Rg1 Bg4 32. Rd2 Rd8 33. Rc2
Rbxd6 34. Qe3 Bf5 35. Qxa7 Bxc2+ 36. Kxc2 Rd2+ 37. Kb1 Rd1+ 38. Rxd1 Rxd1+ 39.
Kb2 e4+ 0-1

[Event "DEM U18w 2014"]
[Site "Magdeburg GER"]
[Date "2014.06.12"]
[Round "7"]
[White "Gast, Antonia"]
[Black "Schlichter, Lisa"]
[Result "0-1"]
[Termination "normal"]
[Board "10"]
[WhiteElo "1699"]
[BlackElo "1654"]
[PlyCount "84"]
[WhiteFideId "12929336"]
[BlackFideId "12926396"]
[EventCountry "GER"]
[EventRounds "9"]
[EventType "swiss"]
[EventDate "2014.06.07"]

1. e4 c5 2. Nc3 Nc6 3. f4 g6 4. Nf3 Bg7 5. Bc4 e6 6. a3 Nge7 7. d3 O-O 8. O-O
d5 9. Ba2 a6 10. Qe1 b5 11. Qh4 c4 12. b3 Bxc3 13. Ng5 h5 14. Rb1 cxb3 15. Bxb3
dxe4 16. Nxe4 Bd4+ 17. Kh1 Nf5 18. Qe1 Bb7 19. c3 Bg7 20. Nc5 Qe7 21. d4 Rad8
22. Bb2 Na5 23. Nxb7 Nxb7 24. Qf2 Nbd6 25. Rfe1 Qc7 26. Rbc1 Nc4 27. Bxc4 Qxc4
28. Red1 Rc8 29. Qd2 Rfd8 30. Qf2 Nd6 31. Qe3 Qc6 32. Qe2 Qe4 33. Qxe4 Nxe4 34.
Kg1 Rc7 35. Kf1 Rdc8 36. Rd3 Nd6 37. Ke2 Nc4 38. Ba1 Nxa3 39. Kd2 Nc4+ 40. Ke2
Nd6 41. Ke3 b4 42. Ke2 bxc3 0-1

[Event "DEM U18w 2014"]
[Site "Magdeburg GER"]
[Date "2014.06.12"]
[Round "7"]
[White "Kreitmeier, Anika"]
[Black "Tobianski, Karina"]
[Result "1-0"]
[Termination "normal"]
[Board "11"]
[WhiteElo "1332"]
[BlackElo "1450"]
[PlyCount "57"]
[WhiteFideId "12991775"]
[BlackFideId "12937746"]
[EventCountry "GER"]
[EventRounds "9"]
[EventType "swiss"]
[EventDate "2014.06.07"]

1. e4 c5 2. Nf3 Nc6 3. d4 cxd4 4. Nxd4 g6 5. Nc3 Bg7 6. Be3 Nf6 7. Bc4 Qa5 8.
O-O O-O 9. f4 d6 10. f5 Nxd4 11. Bxd4 Kh8 12. Qd2 Bd7 13. Rae1 Bc6 14. Bd3 Rad8
15. h3 d5 16. e5 Nd7 17. f6 exf6 18. exf6 Nxf6 19. Bxf6 Bxf6 20. Rxf6 Qb6+ 21.
Kh1 Qxb2 22. Ref1 Kg8 23. R6f4 Qb6 24. Rh4 h5 25. Qg5 Kh8 26. Ne2 Bd7 27. Rf3
Qd6 28. Rg3 Rg8 29. Qh6# 1-0

[Event "DEM U18w 2014"]
[Site "Magdeburg GER"]
[Date "2014.06.12"]
[Round "7"]
[White "Halas, Lena"]
[Black "Rahimi, Rozafa"]
[Result "1-0"]
[Termination "normal"]
[Board "12"]
[WhiteElo "1672"]
[BlackElo "1669"]
[PlyCount "81"]
[WhiteFideId "12931799"]
[BlackFideId "24692280"]
[EventCountry "GER"]
[EventRounds "9"]
[EventType "swiss"]
[EventDate "2014.06.07"]

1. e4 c6 2. d4 d5 3. exd5 cxd5 4. Bd3 Nc6 5. c3 Nf6 6. h3 e6 7. Nd2 Bd6 8. Ngf3
Bd7 9. O-O h6 10. Re1 Qc7 11. Nf1 O-O 12. Qe2 Bf4 13. Bxf4 Qxf4 14. Ne5 Rad8
15. g3 Qg5 16. f4 Qh5 17. Qg2 Nh7 18. Nh2 Bc8 19. Nhf3 f5 20. Nh4 Ne7 21. Be2
Qe8 22. a4 a6 23. Nhf3 Ng6 24. Nd3 Rf6 25. Nfe5 Qe7 26. Bh5 Nxe5 27. Rxe5 Rff8
28. Bf3 Nf6 29. g4 Nd7 30. Rxe6 Qf7 31. Bxd5 Nf6 32. Rxf6 Qxd5 33. Rxf8+ Kxf8
34. Qxd5 Rxd5 35. Ne5 b5 36. axb5 Rxb5 37. b4 fxg4 38. hxg4 Rb6 39. Ra5 Rf6 40.
f5 h5 41. Rc5 1-0

[Event "DEM U18w 2014"]
[Site "Magdeburg GER"]
[Date "2014.06.13"]
[Round "8"]
[White "Kuckling, Hannah"]
[Black "Schmalhorst, Sophia"]
[Result "1/2-1/2"]
[Termination "normal"]
[Board "1"]
[WhiteElo "1972"]
[BlackElo "1917"]
[WhiteClock "00:10:26"]
[BlackClock "00:29:27"]
[PlyCount "97"]
[WhiteFideId "24603660"]
[BlackFideId "24682497"]
[EventCountry "GER"]
[EventRounds "9"]
[EventType "swiss"]
[EventDate "2014.06.07"]

1. e4 e5 2. Nf3 Nc6 3. Bb5 a6 4. Ba4 Nf6 5. O-O b5 6. Bb3 Be7 7. Re1 d6 8. c3
O-O 9. d4 Bg4 10. Be3 Bh5 11. h3 Na5 12. Nbd2 Nxb3 13. axb3 exd4 14. cxd4 c5
15. g4 Bg6 16. Nh4 Nd7 17. Nf5 Bxf5 18. exf5 Bg5 19. Bxg5 Qxg5 20. Ne4 Qf4 21.
dxc5 Nxc5 22. Qxd6 Qxd6 23. Nxd6 Nxb3 24. Ra3 Nd4 25. Re4 Nc6 26. Rc3 Na7 27.
Re7 Nc8 28. Nxc8 Raxc8 29. Ra3 Rc2 30. b3 Rc3 31. Re3 Rxe3 32. fxe3 Ra8 33. b4
Kf8 34. Kf2 Rc8 35. Rxa6 Rc4 36. g5 Rxb4 37. Rb6 Rh4 38. Kg3 Re4 39. Kf3 Rh4
40. Rxb5 Rxh3+ 41. Kf4 f6 42. Rb8+ Kf7 43. Rb7+ Kf8 44. gxf6 gxf6 45. Ke4 h5
46. Kd4 h4 47. e4 Ra3 48. Rh7 h3 49. Kd5 1/2-1/2

[Event "DEM U18w 2014"]
[Site "Magdeburg GER"]
[Date "2014.06.13"]
[Round "8"]
[White "Polert, Annika"]
[Black "Diederichs, Luise"]
[Result "1/2-1/2"]
[Termination "normal"]
[Board "2"]
[WhiteElo "1838"]
[BlackElo "1970"]
[WhiteClock "00:17:18"]
[BlackClock "00:22:42"]
[PlyCount "46"]
[WhiteFideId "24692328"]
[BlackFideId "24661597"]
[EventCountry "GER"]
[EventRounds "9"]
[EventType "swiss"]
[EventDate "2014.06.07"]

1. e4 g6 2. d4 d6 3. Nf3 Bg7 4. Nc3 a6 5. a4 Nd7 6. Bc4 e6 7. Bg5 Ne7 8. Qd2 h6
9. Be3 b6 10. O-O Bb7 11. d5 e5 12. Ne1 g5 13. g4 Ng6 14. Ne2 Nf4 15. Ng3 Qf6
16. Nf5 h5 17. f3 hxg4 18. fxg4 Nc5 19. Bxc5 dxc5 20. Rf3 Bf8 21. Bf1 O-O-O 22.
c4 a5 23. b3 Bd6 1/2-1/2

[Event "DEM U18w 2014"]
[Site "Magdeburg GER"]
[Date "2014.06.13"]
[Round "8"]
[White "Winterholler, Christina"]
[Black "Sherif, Amina"]
[Result "1-0"]
[Termination "normal"]
[Board "3"]
[BlackTitle "CM"]
[WhiteElo "1958"]
[BlackElo "1754"]
[WhiteClock "00:02:50"]
[BlackClock "00:57:12"]
[PlyCount "117"]
[WhiteFideId "24652105"]
[BlackFideId "12911690"]
[EventCountry "GER"]
[EventRounds "9"]
[EventType "swiss"]
[EventDate "2014.06.07"]

1. e4 d5 2. exd5 Qxd5 3. Nc3 Qd6 4. d4 Nf6 5. Nge2 Bg4 6. f3 Bf5 7. g4 Bg6 8.
Bf4 Qb6 9. Qd2 e6 10. Bg3 Nc6 11. Na4 Qb4 12. b3 Bxc2 13. Rc1 Qxd2+ 14. Kxd2
Bg6 15. Nc5 O-O-O 16. Ke3 Nd5+ 17. Kf2 Bd6 18. Ne4 Bxg3+ 19. Kxg3 Ne3 20. Rc3
Nxf1+ 21. Rxf1 Nxd4 22. Nxd4 Rxd4 23. Rfc1 c6 24. Nc5 Rhd8 25. a3 Rd1 26. Rxd1
Rxd1 27. h4 h6 28. b4 Kc7 29. b5 Rd2 30. bxc6 bxc6 31. Ne4 Rd4 32. Nc5 Kd6 33.
Nb7+ Kc7 34. Na5 Rd6 35. h5 Bh7 36. Rb3 Rd7 37. Rc3 Kb6 38. Nc4+ Kb5 39. Ne5
Rc7 40. Rb3+ Ka4 41. Rc3 Bb1 42. f4 c5 43. g5 hxg5 44. fxg5 Bf5 45. Rf3 Rb7 46.
Rf4+ Kxa3 47. Nc4+ Ka2 48. Nd6 Rb3+ 49. Kf2 f6 50. Nxf5 fxg5 51. Ra4+ Ra3 52.
Rxa3+ Kxa3 53. Nxg7 c4 54. Nxe6 c3 55. Nd4 Kb2 56. h6 a5 57. h7 a4 58. h8=Q a3
59. Qb8+ 1-0

[Event "DEM U18w 2014"]
[Site "Magdeburg GER"]
[Date "2014.06.13"]
[Round "8"]
[White "Steimbach, Isabel"]
[Black "Siegl, Melina"]
[Result "1-0"]
[Termination "normal"]
[Board "4"]
[WhiteElo "1775"]
[BlackElo "1790"]
[WhiteClock "00:04:52"]
[BlackClock "00:02:13"]
[PlyCount "53"]
[WhiteFideId "24692174"]
[BlackFideId "1272126"]
[EventCountry "GER"]
[EventRounds "9"]
[EventType "swiss"]
[EventDate "2014.06.07"]

1. e4 b6 2. d4 Bb7 3. Nc3 e6 4. Bd3 Bb4 5. Nge2 Nf6 6. O-O d5 7. e5 Nfd7 8. a3
Be7 9. Nb1 c5 10. c3 Nc6 11. Be3 Qc7 12. Nd2 h5 13. Rc1 O-O-O 14. c4 Ndxe5 15.
Bf4 cxd4 16. cxd5 Rxd5 17. Bc4 Rdd8 18. Bb5 f6 19. Qa4 Bc5 20. b4 g5 21. Bxe5
Nxe5 22. bxc5 bxc5 23. Nb3 Rd5 24. Nexd4 Qd6 25. Qxa7 Rxd4 26. Nxd4 Qxd4 27.
Rxc5+ 1-0

[Event "DEM U18w 2014"]
[Site "Magdeburg GER"]
[Date "2014.06.13"]
[Round "8"]
[White "Lagunow, Elina"]
[Black "Spiegelberg, Silvia"]
[Result "1-0"]
[Termination "normal"]
[Board "5"]
[WhiteElo "1795"]
[BlackElo "1925"]
[WhiteClock "00:03:56"]
[BlackClock "00:05:37"]
[PlyCount "67"]
[WhiteFideId "4673387"]
[BlackFideId "24654450"]
[EventCountry "GER"]
[EventRounds "9"]
[EventType "swiss"]
[EventDate "2014.06.07"]

1. Nf3 d6 2. g3 e5 3. d3 f5 4. Bg2 Nf6 5. O-O Be7 6. c4 O-O 7. Nc3 Qe8 8. Bd2
Qh5 9. Nd5 Bd8 10. Nxf6+ Bxf6 11. Qb3 Kh8 12. Bc3 Nc6 13. e3 Be7 14. c5 Rf6 15.
h4 Rg6 16. Rac1 f4 17. exf4 exf4 18. Qf7 Bg4 19. Ne5 dxe5 20. Bxc6 Bxc5 21. Be4
Bf5 22. Kh2 Qg4 23. Bxf5 fxg3+ 24. Kg2 Qxh4 25. Bxe5 Qh2+ 26. Kf3 Rf8 27. Bxg6
Rxf7+ 28. Bxf7 Qh3 29. Bxg3 Bd6 30. Bb3 Qf5+ 31. Kg2 Qxd3 32. Rfe1 Qg6 33. Re6
Qh5 34. Rxd6 1-0

[Event "DEM U18w 2014"]
[Site "Magdeburg GER"]
[Date "2014.06.13"]
[Round "8"]
[White "Triantafillidis, Zoe"]
[Black "Herbrig, Marie-Helen"]
[Result "1/2-1/2"]
[Termination "normal"]
[Board "6"]
[WhiteElo "1721"]
[BlackElo "1659"]
[WhiteClock "00:01:20"]
[BlackClock "00:29:43"]
[PlyCount "78"]
[WhiteFideId "12900150"]
[BlackFideId "12900427"]
[EventCountry "GER"]
[EventRounds "9"]
[EventType "swiss"]
[EventDate "2014.06.07"]

1. e4 c5 2. Nf3 Nc6 3. Bb5 d6 4. d4 cxd4 5. Nxd4 Bd7 6. Bxc6 bxc6 7. O-O Nf6 8.
Nc3 e5 9. Nb3 Be7 10. h3 O-O 11. Be3 Be6 12. Qe2 Qc7 13. Rad1 d5 14. exd5 cxd5
15. Bg5 d4 16. Nb5 Qb8 17. f4 Qb6 18. Kh1 exf4 19. N5xd4 f3 20. Rxf3 Bd5 21.
Qxe7 Bxf3 22. Nxf3 Rfe8 23. Qc5 Qa6 24. Bxf6 Qxf6 25. Rd7 Qxb2 26. Ng5 Re1+ 27.
Kh2 Rf8 28. Qf5 g6 29. Qf4 Qb1 30. Qf3 Rh1+ 31. Kg3 Qe1+ 32. Qf2 Qc3+ 33. Kh4
h6 34. Ne4 Qe5 35. Qf3 Re1 36. Nbc5 g5+ 37. Kh5 Qg7 38. Qf5 Rb1 39. Ne6 Rb7
1/2-1/2

[Event "DEM U18w 2014"]
[Site "Magdeburg GER"]
[Date "2014.06.13"]
[Round "8"]
[White "Berger, Nadja"]
[Black "Wulf, Constanze"]
[Result "1/2-1/2"]
[Termination "normal"]
[Board "7"]
[WhiteElo "1797"]
[BlackElo "1623"]
[WhiteClock "00:17:20"]
[BlackClock "00:24:37"]
[PlyCount "97"]
[WhiteFideId "24692212"]
[BlackFideId "24692379"]
[EventCountry "GER"]
[EventRounds "9"]
[EventType "swiss"]
[EventDate "2014.06.07"]

1. e4 e6 2. d4 d5 3. exd5 exd5 4. Nf3 Bd6 5. Bd3 Nc6 6. c3 Bg4 7. O-O Nge7 8.
Nbd2 Qd7 9. Re1 O-O-O 10. b4 Ng6 11. Nf1 Nh4 12. Nxh4 Bxd1 13. Bf5 Bg4 14.
Bxd7+ Bxd7 15. Ne3 Ne7 16. a4 Rde8 17. Bb2 f6 18. Nf3 c6 19. Rac1 Nf5 20. Nd2
Bf4 21. Ndf1 Re4 22. Rcd1 Rhe8 23. Bc1 b6 24. g3 Nxe3 25. Bxe3 Bd6 26. Ra1 a5
27. bxa5 bxa5 28. Nd2 R4e7 29. Nb3 Bc7 30. Rab1 Bf5 31. Rb2 Kd8 32. Nc5 Bc8 33.
Rd1 g5 34. Rdb1 Rg8 35. Rb3 Ke8 36. Kf1 f5 37. Bd2 Kf7 38. R3b2 f4 39. Re1 Rge8
40. Rbb1 h6 41. Rxe7+ Rxe7 42. Re1 Bh3+ 43. Kg1 Rxe1+ 44. Bxe1 Bf5 45. Kg2 Bc2
46. Bd2 fxg3 47. hxg3 Ke7 48. Bc1 Bb6 49. Ba3 1/2-1/2

[Event "DEM U18w 2014"]
[Site "Magdeburg GER"]
[Date "2014.06.13"]
[Round "8"]
[White "Döpper, Anna Bérénice"]
[Black "Tettmann, Ann-Kathrin"]
[Result "0-1"]
[Termination "normal"]
[Board "8"]
[WhiteElo "1576"]
[BlackElo "1802"]
[PlyCount "36"]
[WhiteFideId "1271853"]
[BlackFideId "12945676"]
[EventCountry "GER"]
[EventRounds "9"]
[EventType "swiss"]
[EventDate "2014.06.07"]

1. e4 c5 2. c3 b6 3. d4 Bb7 4. Bd3 e6 5. Nf3 Nf6 6. e5 Nd5 7. O-O Be7 8. Qc2 h6
9. Qe2 Nc6 10. a3 O-O 11. Bc2 Bg5 12. Nxg5 hxg5 13. Qh5 f5 14. Bxg5 Qe8 15. Qd1
Qg6 16. Be3 Nxe3 17. fxe3 Nxd4 18. Qd2 Nf3+ 0-1

[Event "DEM U18w 2014"]
[Site "Magdeburg GER"]
[Date "2014.06.13"]
[Round "8"]
[White "Schlichter, Lisa"]
[Black "Halas, Lena"]
[Result "0-1"]
[Termination "normal"]
[Board "10"]
[WhiteElo "1654"]
[BlackElo "1672"]
[PlyCount "70"]
[WhiteFideId "12926396"]
[BlackFideId "12931799"]
[EventCountry "GER"]
[EventRounds "9"]
[EventType "swiss"]
[EventDate "2014.06.07"]

1. e4 c6 2. d4 d5 3. Nc3 dxe4 4. Nxe4 Bf5 5. Ng3 Bg6 6. h4 h6 7. h5 Bh7 8. Nf3
Nd7 9. Bd3 Bxd3 10. Qxd3 e6 11. Bd2 Ngf6 12. Ne4 Be7 13. O-O-O Qc7 14. Kb1
O-O-O 15. c4 Nxe4 16. Qxe4 Nf6 17. Qe2 c5 18. Bc3 Rhe8 19. Ne5 Bf8 20. g3 Rd6
21. dxc5 Rxd1+ 22. Rxd1 Bxc5 23. Nd3 Rd8 24. Bxf6 gxf6 25. Nxc5 Rxd1+ 26. Qxd1
Qxc5 27. Qe2 Qf5+ 28. Kc1 Kc7 29. b3 Qg5+ 30. Kb2 Qc5 31. Kb1 Qd4 32. Kc2 Qa1
33. Kd3 Qb1+ 34. Ke3 f5 35. Qd2 Qe4# 0-1

[Event "DEM U18w 2014"]
[Site "Magdeburg GER"]
[Date "2014.06.13"]
[Round "8"]
[White "Tobianski, Karina"]
[Black "Krauße, Vanessa"]
[Result "1/2-1/2"]
[Termination "normal"]
[Board "11"]
[WhiteElo "1450"]
[BlackElo "1587"]
[PlyCount "87"]
[WhiteFideId "12937746"]
[BlackFideId "12937991"]
[EventCountry "GER"]
[EventRounds "9"]
[EventType "swiss"]
[EventDate "2014.06.07"]

1. d4 Nf6 2. c4 g6 3. Nc3 d6 4. Nf3 Bg7 5. Bg5 O-O 6. Qd2 a6 7. Bh6 c5 8. Bxg7
Kxg7 9. d5 e6 10. e4 exd5 11. exd5 Re8+ 12. Be2 Nbd7 13. O-O Ne5 14. Nxe5 Rxe5
15. Bd3 b5 16. f4 Rh5 17. Be2 Bg4 18. b3 Qd7 19. Rae1 Re8 20. Bf3 Rxe1 21. Qxe1
b4 22. Ne4 Nxe4 23. Qxe4 Bxf3 24. Qxf3 Rf5 25. Qe2 h5 26. g3 Qd8 27. Qb2+ Kg8
28. Re1 h4 29. Qe2 Qf6 30. Qe7 Qd4+ 31. Qe3 hxg3 32. hxg3 Qb2 33. Re2 Qb1+ 34.
Kg2 Rh5 35. Kf3 Qh1+ 36. Rg2 Rh2 37. Qe2 a5 38. Qe8+ Kg7 39. Qe2 a4 40. bxa4
Rxg2 41. Qxg2 Qd1+ 42. Qe2 Qxa4 43. Qb2+ Kg8 44. Qb3 1/2-1/2

[Event "DEM U18w 2014"]
[Site "Magdeburg GER"]
[Date "2014.06.13"]
[Round "8"]
[White "Rahimi, Rozafa"]
[Black "Gast, Antonia"]
[Result "1-0"]
[Termination "normal"]
[Board "12"]
[WhiteElo "1669"]
[BlackElo "1699"]
[PlyCount "105"]
[WhiteFideId "24692280"]
[BlackFideId "12929336"]
[EventCountry "GER"]
[EventRounds "9"]
[EventType "swiss"]
[EventDate "2014.06.07"]

1. d4 Nf6 2. Bf4 d6 3. e3 g6 4. Nf3 Bg7 5. Bd3 Nbd7 6. Nbd2 O-O 7. O-O Re8 8.
e4 e5 9. Be3 h6 10. h3 c6 11. c3 d5 12. Qc2 dxe4 13. Bxe4 Qe7 14. Rfe1 Qf8 15.
Bd3 b6 16. dxe5 Nxe5 17. Nxe5 Rxe5 18. Bf4 Rxe1+ 19. Rxe1 Bb7 20. Nc4 Rd8 21.
Kf1 c5 22. Ne5 Re8 23. Bc4 Bd5 24. Qb3 Bxc4+ 25. Qxc4 Nh5 26. Nxg6 Rxe1+ 27.
Kxe1 Qe8+ 28. Kf1 Kh7 29. Nh4 Nxf4 30. Qxf4 Qb5+ 31. Kg1 Qe2 32. Qxf7 Qe1+ 33.
Kh2 Qe5+ 34. g3 Qe2 35. Qf5+ Kg8 36. Ng6 Qe8 37. Nf4 Qe1 38. Qe6+ Qxe6 39. Nxe6
Be5 40. Nd8 Bd6 41. Ne6 Kf7 42. Nf4 Kf6 43. Kg2 Ke5 44. Kf3 Kf6 45. Kg4 Bf8 46.
Nh5+ Kg6 47. f4 c4 48. f5+ Kf7 49. Kf4 a5 50. a4 Bc5 51. Ke4 Ke7 52. Kd5 Be3
53. Kxc4 1-0